00550nam a2200181Ia 4500008004100000020001800041040001900059041001200078082002500090100002300115245009100138260004100229300002900270504001900299650001200318651002000330850001800350131103s9999 xx 000 0 und d a0 19 564767 X aLoreto College aEnglish a954/CHAbLCBED/12909 aChatterjee, Partha 4aThe present history of West Bengalb essays in political criticism cPartha Chatterjee aDelhibOxford University Pressc1998 axii,223p.b Mapsc 21cm. aIncludes index aHistory aIndia - History aLCBED/954/CHA